| 000 | 00381nam a2200133 a 4500 | ||
|---|---|---|---|
| 001 | 000031950 | ||
| 005 | 20200930063315.0 | ||
| 008 | 110707s1986 dr 000 0 spa d | ||
| 040 |
_aDO-SdBNP _bspa _cBNPHU |
||
| 245 | 0 | 0 | _aInforme anual 1985-86 /. |
| 260 |
_a[Santo Domingo] : _bCentros APEC de Educación a Distancia, _c[1986]. |
||
| 300 |
_a56 p. : _bil. ; _c30 cm. |
||
| 049 | _aBNPD | ||
| 999 |
_c31441 _d31441 |
||